01008nam a22002057a 4500003000900000008004100009020001800050040007100068082002100139100002900160245005900189260008200248300002700330440004600357505027600403650003000679650002100709650002200730710005000752AR-CdUCM190517b ||||| |||| 00| 0 spa d a9972-42-053-9 aMUNICIPALIDAD PROVINCIAL DEL CUSCOcBIBLIOTECA MUNICIPAL DEL CUSCO a344.04196 /bG66 aGonzales Mantilla, Gorki aLa consideración jurídica del embrión in vitro / aLima :bPontificia Universidad Católica del Perú, Fondo Editorial,c1996. a98 páginas ;c19 cm. aBiblioteca de Derecho Contemporáneo.n5 aContenido: v.5: El comienzo de la vida y la fecundación in vitro -- El desarrollo de la vida humana -- El status biológico del embrión in vitro -- La consideración jurídica del embrión in vitro -- Límites a la protección jurídica del embrión in vitro. aInseminación artificial aÉtica médica aGenética humana aPontificia Universidad Católica del Perú.